[Event "Let's Play Chess!"]
[Site "http://www.queenalice.com/game.php?id=651026"]
[Date "2009.9.12"]
[Round "-"]
[White "yclaudiu35"]
[Black "Fremen"]
[Result "1-0"]
[WhiteElo "1922"]
[BlackElo "1244"]

1. e4 e6 2. Nf3 Bc5 3. d4 Bb6 4. a4 Qe7 5. a5 Nf6 6. axb6 cxb6 7. e5 Nd5 8. Qd3
Nc6 9. c3 O-O 10. b3 a6 11. Ba3 Qd8 12. Bxf8 Qxf8 13. Ng5 h6 14. Qh7# 1-0

[Event "Challenge"]
[Site "http://www.queenalice.com/game.php?id=651042"]
[Date "2009.9.12"]
[Round "-"]
[White "Football_rules"]
[Black "Fremen"]
[Result "1-0"]
[WhiteElo "1609"]
[BlackElo "1284"]

1. e4 d6 2. d3 Nf6 3. f3 Be6 4. Nc3 Nc6 5. a3 Na5 6. Bd2 b6 7. Qe2 g6 8. Na4 Qd7
9. b3 Bg7 10. d4 Nh5 11. Qe3 Qc6 12. Bd3 O-O 13. d5 Qd7 14. dxe6 fxe6 15. g4 Nf6
16. Ne2 c5 17. O-O-O Rac8 18. g5 Nh5 19. h4 Be5 20. Rdf1 Bf4 21. Qg1 Be5 22. f4
Bg7 23. f5 exf5 24. exf5 gxf5 25. Nf4 Nxf4 26. Bxf4 Qe6 27. h5 h6 28. gxh6 Kh8
29. Qxg7# 1-0

[Event "Let's Play Chess!"]
[Site "http://www.queenalice.com/game.php?id=651089"]
[Date "2009.9.12"]
[Round "-"]
[White "Fremen"]
[Black "robertson"]
[Result "0-1"]
[WhiteElo "1244"]
[BlackElo "1376"]

1. e3 e5 2. Bd3 Nf6 3. Nc3 Bc5 4. Qf3 c6 5. Bc4 d5 6. Bb3 Bg4 7. Qg3 Nbd7 8. f3
h5 9. fxg4 Nxg4 10. Nh3 Qf6 11. Rf1 Qg6 12. Rf3 O-O-O 13. d3 Bd6 14. e4 Be7 15.
exd5 h4 16. dxc6 hxg3 17. cxb7+ Kxb7 18. Na4 gxh2 19. Rf1 e4 20. dxe4 Qxe4+ 21.
Kd1 Nde5+ 22. Bd2 Qxg2 23. Bc4 Qxd2# 0-1

[Event "Challenge"]
[Site "http://www.queenalice.com/game.php?id=651101"]
[Date "2009.9.12"]
[Round "-"]
[White "Fafner"]
[Black "Fremen"]
[Result "1-0"]
[WhiteElo "1971"]
[BlackElo "1100"]

1. e4 e6 2. Nc3 Qf6 3. Nf3 Nc6 4. Bc4 Nb4 5. O-O Qh6 6. d3 Qh5 7. a3 Nc6 8. Be3
Bd6 9. Re1 Nf6 10. h3 Qg6 11. Qd2 b6 12. b4 Nh5 13. g4 Nf6 14. b5 Ne7 15. e5
Bxe5 16. Nxe5 d6 17. Nxg6 hxg6 18. g5 Nfg8 19. Kg2 e5 20. f4 Bxh3+ 21. Kg3 Nf5+
22. Kf3 Rd8 23. fxe5 dxe5 24. d4 exd4 25. Bxd4+ Nge7 26. Nd5 Rh4 27. Nxc7+ Kf8
28. Bxg7+ Nxg7 29. Qxd8+ Ne8 30. Qxe8+ Kg7 31. Qxf7+ Kh8 32. Ne8 Bg4+ 33. Kf2
Rh2+ 34. Kg1 Rxc2 35. Qg7# 1-0

[Event "AUTO-OPEN-1688"]
[Site "http://www.queenalice.com/game.php?id=651124"]
[Date "2009.9.12"]
[Round "1"]
[White "Fremen"]
[Black "thw"]
[Result "0-1"]
[WhiteElo "1206"]
[BlackElo "1936"]

1. e3 e5 2. Bc4 d5 3. Be2 Nf6 4. Bf3 Be6 5. Qe2 e4 6. Qb5+ Nbd7 7. Qxb7 exf3 8.
gxf3 Bd6 9. Qb5 O-O 10. Nh3 Bxh3 11. Qd3 Ne5 12. Qe2 Bg2 13. Rg1 Nxf3+ 14. Kd1
Nxg1 15. Nc3 Nxe2 16. Nxe2 Bf3 17. b3 Be5 18. c3 Bxe2+ 19. Kxe2 Bxh2 20. Ba3 Re8
21. Rh1 Bd6 22. Bb2 c5 23. Rh4 Ne4 24. d3 Qxh4 25. Kd1 Nxf2+ 26. Kc2 Rxe3 27.
Bc1 Rxd3 28. Kb2 Be5 29. Ka3 Rxc3 30. Bb2 Qb4# 0-1

[Event "AUTO-OPEN-1688"]
[Site "http://www.queenalice.com/game.php?id=651125"]
[Date "2009.9.12"]
[Round "1"]
[White "thw"]
[Black "Fremen"]
[Result "1-0"]
[WhiteElo "1988"]
[BlackElo "1200"]

1. e4 e6 2. d4 b6 3. Bd3 Nc6 4. Nf3 Be7 5. c4 Bb4+ 6. Bd2 Bxd2+ 7. Nbxd2 Nb4 8.
Nb3 Bb7 9. O-O c6 10. a3 Nxd3 11. Qxd3 Nf6 12. e5 Ng4 13. h3 Nh6 14. Nfd2 c5 15.
dxc5 Qg5 16. Nf3 Qg6 17. Qxg6 fxg6 18. Nfd4 Rf8 19. cxb6 axb6 20. Nb5 Rf5 21.
Nd6+ Ke7 22. Nxf5+ Nxf5 23. g4 Nh4 24. f4 Rc8 25. Rac1 Ng2 26. c5 Ba6 27. Kxg2
Bb7+ 28. Kg3 Bd5 29. cxb6 Rb8 30. Nd4 Rxb6 31. Rf2 Rb7 32. b4 Rb6 33. b5 Rb7 34.
a4 h6 35. a5 Ra7 36. a6 Be4 37. Rb2 Kf7 38. Nb3 d5 39. exd6 Bd3 40. Rc7+ 1-0

[Event "AUTO-OPEN-1688"]
[Site "http://www.queenalice.com/game.php?id=651126"]
[Date "2009.9.12"]
[Round "1"]
[White "Fremen"]
[Black "abelsaul"]
[Result "0-1"]
[WhiteElo "1188"]
[BlackElo "1672"]

1. e3 e5 2. Qf3 d5 3. Nh3 e4 4. Qf4 h6 5. Na3 Bd6 6. Qxd6 Qxd6 7. Nb5 Qc5 8. a4
a6 9. Nc3 Nf6 10. d4 Qb4 11. Rg1 Nc6 12. Bd2 Qd6 13. g3 Nb4 14. O-O-O Bxh3 15.
Bxh3 O-O 16. Rgf1 b5 17. f4 exf3 18. Rxf3 Ne4 0-1

[Event "AUTO-OPEN-1688"]
[Site "http://www.queenalice.com/game.php?id=651127"]
[Date "2009.9.12"]
[Round "1"]
[White "abelsaul"]
[Black "Fremen"]
[Result "1-0"]
[WhiteElo "1672"]
[BlackElo "1188"]

1. e4 e6 2. d4 Na6 3. f4 Qf6 4. Nc3 d5 5. e5 Qf5 6. Bd3 Qg6 7. Bxg6 hxg6 8. Nf3
Be7 9. Nb5 Bd8 10. a3 c6 11. Nd6+ Kd7 12. Nxf7 Rh5 13. g4 Be7 14. gxh5 gxh5 15.
Rg1 c5 16. Rxg7 Ke8 17. Qd3 Kf8 18. Qh7 1-0

[Event "AUTO-OPEN-1688"]
[Site "http://www.queenalice.com/game.php?id=651128"]
[Date "2009.9.12"]
[Round "1"]
[White "Fremen"]
[Black "vanderleiboth"]
[Result "0-1"]
[WhiteElo "1188"]
[BlackElo "2156"]

1. e3 e5 2. Qf3 d5 3. Nh3 e4 4. Qf4 Bd6 5. Qg3 Bxg3 6. hxg3 Nf6 7. Be2 h6 8. Nf4
c5 9. Na3 a6 10. b3 Nc6 11. Bb2 b5 12. O-O b4 13. Rad1 bxa3 14. Bxa3 Qa5 15. Bb2
Qxa2 16. Bc3 Rb8 17. Ra1 Qxc2 18. g4 Qxb3 19. Rfc1 Qb7 20. Rab1 Qxb1 21. Rd1 d4
22. Ba1 Qxd1+ 23. Bxd1 Rb1 24. Kf1 Rxd1+ 25. Ke2 Rxa1 26. g3 Bxg4+ 0-1

[Event "AUTO-OPEN-1688"]
[Site "http://www.queenalice.com/game.php?id=651129"]
[Date "2009.9.12"]
[Round "1"]
[White "vanderleiboth"]
[Black "Fremen"]
[Result "1-0"]
[WhiteElo "2153"]
[BlackElo "1200"]

1. e4 c6 2. d4 e6 3. e5 Qb6 4. c4 Na6 5. a3 g6 6. c5 Qa5+ 7. b4 Qc7 8. Nf3 h6 9.
Bc4 Nb8 10. Nc3 Be7 11. O-O a6 12. Re1 d5 13. cxd6 Bxd6 14. exd6 Qxd6 15. h3 h5
16. Ne4 Qd7 17. Bg5 f6 18. Bf4 f5 19. Nc5 Qe7 20. Bxe6 Nf6 21. Bf7+ Kxf7 22.
Rxe7+ Kxe7 23. Qe2+ Kf7 24. Ng5+ Kf8 25. Bd6+ Kg8 26. Qe7 1-0

[Event "Challenge"]
[Site "http://www.queenalice.com/game.php?id=652235"]
[Date "2009.9.14"]
[Round "-"]
[White "Yukontodd"]
[Black "Fremen"]
[Result "1-0"]
[WhiteElo "1558"]
[BlackElo "1265"]

1. e4 e6 2. Nf3 Qf6 3. Nc3 Bd6 4. Bc4 Nc6 5. d4 b6 6. Bg5 Qg6 7. e5 Bf8 8. a3 h6
9. Bh4 Qxg2 10. Rg1 Qh3 11. Bd3 g5 12. Rg3 Qxh4 13. Nxh4 Nxd4 14. Nf3 Nc6 15.
Nb5 Rb8 16. Nxc7+ Kd8 17. Na6 Bxa6 18. Bxa6 f6 19. Bb5 Nce7 20. Qxd7# 1-0

[Event "Challenge"]
[Site "http://www.queenalice.com/game.php?id=821423"]
[Date "2010.8.21"]
[Round "-"]
[White "Fremen"]
[Black "dladuke7"]
[Result "0-1"]
[WhiteElo "1188"]
[BlackElo "1502"]

1. d3 d5 2. Bf4 d4 3. Nf3 Nc6 4. e3 dxe3 5. fxe3 Bg4 6. h3 Bxf3 7. Qxf3 e6 8.
Nc3 Bb4 9. O-O-O Nf6 10. d4 Bxc3 11. Bc4 Ba5 12. Rhe1 Bxe1 13. Rxe1 a6 14. Qg3
g6 15. Bxc7 Ne4 16. Qf4 Qd7 17. Qxe4 Qxc7 18. Rf1 Nb4 19. Qf3 Qxc4 20. Qxf7+ Kd8
21. Qf6+ Kd7 22. Qf7+ Kc8 23. c3 Nxa2+ 24. Kd1 Qd3+ 25. Ke1 Nc1 0-1